000 00245 a2200085 4500
020 _a9783836544344
100 _a Gilbert Lupfer and Paul Sigel
245 _aWalter Gropius: 1883-1969: the Promoter of a New Form
260 _bTaschen America Llc
_c2017
999 _c13383
_d13383